Score 0/24 Timer 03:00
0 Plays Today
Hint 4-Letter Word % Correct
♦ Fifty percent ♦HALF
99.5%
Reduced-price eventSALE
95.7%
♦ Twelve inches ♦FOOT
95.2%
What yeast makes bread doRISE
95.2%
Nourishment, sustenanceFOOD
92.5%
Buck, doe, or fawnDEER
92.4%
♦ Security mechanism ♦LOCK
92.2%
Perceive with eyesLOOK
92.1%
Taste ice cream, perhapsLICK
91.1%
Board game of world dominationRISK
90.9%
Hearty and healthyHALE
90.7%
Viking plunderLOOT
89.9%
Hint 4-Letter Word % Correct
♦ Room portal ♦DOOR
89.8%
♦ Sage and experienced ♦WISE
87.5%
Astley of getting rolled fameRICK
87.4%
One who accomplishesDOER
87%
Extending far down from surfaceDEEP
84.9%
Leak through slowly SEEP
83.8%
State of mind or feelingMOOD
82.5%
Tract of open uncultivated uplandMOOR
79.7%
May be double in trailersWIDE
75.5%
Singer Helen Fọláṣadé AdúSADE
68.6%
♦ Faction, bloc, camp ♦SIDE
67.9%
♦♦ COMMON BOND ♦♦STEP
40.1%

Today's Daily Dose

You're not logged in!

Compare scores with friends on all Sporcle quizzes.
OR
Log In

Sporcle TV

Today on Sporcle TV


Watch our educational content, quiz creation guides, and fun videos on Sporcle TV.

Show Comments

Extras

Top Quizzes Today


Score Distribution

Your Account Isn't Verified!

In order to create a playlist on Sporcle, you need to verify the email address you used during registration. Go to your Sporcle Settings to finish the process.

Report this User

Report this user for behavior that violates our Community Guidelines.

Details: